000 00973nam a2200253Ia 4500
003 IN-BaIIA
008 211028s9999 xx 000 0 eng d
020 _a1-58381-021-8
040 _cIIA Library
080 _a082.2:52
_bIAU-S190
110 _aInternational Astronomical Union
111 _aInternational Astronomical Union Symposium
_n190th
_cVictoria, Canada
_d1998 July 12-17
_925480
245 0 _aNew views of the magellanic clouds
_bproceedings of the 190th IAU Symposium held in Victoria, Canada, July 12-17, 1998
_cedited by You-Chu Chu, Nicholas B. Suntzeff and James E. Hesser
260 _aCalifornia
_bAstronomical Society of the Pacific
_c1999
300 _axxv, 588p.
490 _aIAU Symposium; no. 190
650 _aCosmology
650 _aInterstellar medium
_93375
650 _aMassive star
_925481
700 _aChu, You-Chu, ed.
_925482
700 _aHesser, James E., ed.
_912947
700 _aSuntzeff, Nicholas B., ed.
_925483
942 _cBK
999 _c14385
_d14385